[Pohrebné reči a odobierky]
103 pohrebných rečí a odobierok prednesených vo Vrádišti a Vrbici
| Main Author: | |
|---|---|
| Format: | Manuscript Book |
| Language: | Czech Slovak |
| PhysicalDescription: | 494 nečíslovaných strán rukopis, viazaný 18 cm |
| Published: |
[Skalica] [Liptovský Mikuláš]
1865-[1880?]
|
| Subjects: |
MARC
| LEADER | 00000ctmaa2200000 a 4500 | ||
|---|---|---|---|
| 001 | vtls011763665 | ||
| 003 | SK-MaSNL | ||
| 005 | 20260301142439.0 | ||
| 008 | 251021q1865 xo || 000 s cze | ||
| 035 | |a urn:nbn:sk:snk-tm00elrb | ||
| 035 | |a urn:nbn:sk:snk-tm3n3ri | ||
| 035 | |a 48402389-509B-40A1-9406-41A01215070B | ||
| 040 | |a SNKLA |b slo |c SNKLA |e AACR2 | ||
| 041 | 0 | |a cze |a slo | |
| 044 | |a xo |c SK | ||
| 072 | 7 | |a 2 |x Náboženstvo |2 konspekt | |
| 072 | 7 | |a 27-46/-48 |x Pastorálna teológia |2 konspekt | |
| 080 | |a 27-557 |2 2011 | ||
| 080 | |a 27-475.5 |2 2011 | ||
| 080 | |a 025.171 |2 2011 | ||
| 100 | 1 | |a Kovalevský, Mieroslav, |d 1838-1916 |4 aut |9 286470 | |
| 245 | 1 | 0 | |a [Pohrebné reči a odobierky] |c Miroslav Kovalevský |
| 260 | |a [Skalica] |a [Liptovský Mikuláš] |c 1865-[1880?] | ||
| 300 | |a 494 nečíslovaných strán |b rukopis, viazaný |c 18 cm | ||
| 520 | 2 | |a 103 pohrebných rečí a odobierok prednesených vo Vrádišti a Vrbici | |
| 546 | |a Napísané slovakizovanou češtinou | ||
| 555 | 0 | |a Inventár rukopisov Archívu literatúry a umenia Slovenskej národnej knižnice. Rukopisy Muzeálnej slovenskej spoločnosti: Slovenská národná knižnica 2008 | |
| 561 | |a Na chrbte poslednej zložky pečiatka: Miroslav Kovalevský 1916 | ||
| 610 | 2 | 7 | |a Evanjelická cirkev a.v. |2 SNKKA |9 32425 |
| 650 | 0 | 7 | |a pohreby |2 SNKPH |9 1976 |
| 651 | 7 | |a Vrádište (Slovensko) |2 SNKPHgeo |9 114682 | |
| 651 | 7 | |a Vrbica (Liptovský Mikuláš, Slovensko) |2 SNKPHgeo |9 169087 | |
| 655 | 7 | |a kázne |2 SNKPH |9 70516 | |
| 655 | 7 | |a rukopisy |2 SNKPH |9 70548 | |
| 852 | |a Slovenská národná knižnica |b Literárny archív | ||
| 958 | |a MS | ||
| 958 | |a LAVD | ||
| 999 | |c 770261 |d 772191 | ||
| 952 | |a SNKLA |b SNKLA |c SNKLA_DEP |y NEVYP |7 0 |p 17A1228112 |o snkMSS 376 |0 0 |1 0 |4 0 |d 2018-06-22 |f 1 |l 0 |r 2026-02-24 00:32:42 |w 2026-02-24 | ||


